书目信息 |
| 题名: |
电子显微术
|
|
| 作者: | 管汀鹭 编 | |
| 分册: | ||
| 出版信息: | 上海 知识出版社 1982 |
|
| 页数: | 176页 | |
| 开本: | 21cm | |
| 丛书名: | ||
| 单 册: | ||
| 中图分类: | TN16 | |
| 科图分类: | ||
| 主题词: | 电子显微术 | |
| 电子资源: | ||
| ISBN: | ||
| 000 | 00585nam0 2200229 45 | |
| 001 | 0182006427 | |
| 005 | 20060814152716.50 | |
| 010 | @dCNY0.68 | |
| 091 | @aCN@b17214.1004 | |
| 100 | @a19950614d1982 emky0chiy0121 ea | |
| 101 | 0 | @achi |
| 102 | @aCN@b310000 | |
| 105 | @ay z 000yy | |
| 200 | 10 | @a电子显微术@Adian zi xian wei shu@f管汀鹭编 |
| 210 | @a上海@c知识出版社@d1982 | |
| 215 | @a176页@d21cm | |
| 606 | @a电子显微术 | |
| 690 | @aTN16@v3 | |
| 701 | 0 | @a管汀鹭@Aguan ting lu@4编 |
| 801 | 2 | @aCN@bNLC@c20060814 |
| 801 | 0 | @aCN@bTSSF@c20060804 |
| 905 | @a10447@dTN16@e16 | |
| 电子显微术/管汀鹭编.-上海:知识出版社,1982 |
| 176页;21cm |
| ISBN :CNY0.68 |
| ● |
| 相关链接 |
|
|
|
|
正题名:电子显微术
索取号:TN16/16
 
预约/预借
| 序号 | 登录号 | 条形码 | 馆藏地/架位号 | 状态 | 备注 |
| 1 | 0438158 | 204381588 | 密集书库/ [索取号:TN16/16] | 在馆 | |
| 2 | 0439720 | 204397205 | 密集书库/ [索取号:TN16/16] | 在馆 | |
| 3 | 0458218 | 204582184 | 密集书库/ [索取号:TN16/16] | 在馆 |